<?xml version="1.0" encoding="UTF-8"?>
<record
    xmlns:xsi="http://www.w3.org/2001/XMLSchema-instance"
    xsi:schemaLocation="http://www.loc.gov/MARC21/slim http://www.loc.gov/standards/marcxml/schema/MARC21slim.xsd"
    xmlns="http://www.loc.gov/MARC21/slim">

  <leader>00216nam a22000857a 4500</leader>
  <controlfield tag="001">1241876</controlfield>
  <controlfield tag="005">20251013140126.0</controlfield>
  <datafield tag="245" ind1=" " ind2=" ">
    <subfield code="a">SUMARNA &#xC7;ALI S&#xDC;P&#xDC;RGES&#x130;N&#x130;N SAH&#x130;B&#x130;</subfield>
    <subfield code="c">MEHMET BALTAOGLU</subfield>
  </datafield>
  <datafield tag="260" ind1=" " ind2=" ">
    <subfield code="b">T&#x130;MA&#x15E; YAYINLARI</subfield>
  </datafield>
  <datafield tag="999" ind1=" " ind2=" ">
    <subfield code="c">1241876</subfield>
    <subfield code="d">1241876</subfield>
  </datafield>
  <datafield tag="952" ind1=" " ind2=" ">
    <subfield code="0">0</subfield>
    <subfield code="1">0</subfield>
    <subfield code="2">ddc</subfield>
    <subfield code="4">0</subfield>
    <subfield code="7">0</subfield>
    <subfield code="a">1052</subfield>
    <subfield code="b">1052</subfield>
    <subfield code="d">2025-10-13</subfield>
    <subfield code="l">0</subfield>
    <subfield code="p">10529446</subfield>
    <subfield code="r">2025-10-13 14:01:31</subfield>
    <subfield code="w">2025-10-13</subfield>
    <subfield code="y">BK</subfield>
  </datafield>
</record>
